[Event "Wch U12 Girls"]
[Site "Montesilvano"]
[Date "2024.11.25"]
[Round "10"]
[White "Mozolevskaya, Tatyana Nik"]
[Black "Tong, Thai Hoang An"]
[Result "0-1"]
[WhiteElo "1775"]
[BlackElo "1869"]
[PlyCount "66"]
[EventDate "2024.11.15"]
[EventType "swiss"]
[EventRounds "11"]
[EventCountry "ITA"]
[SourceTitle "CB48_2024"]
[SourceDate "2024.11.28"]
[SourceVersion "1"]
[SourceVersionDate "2024.11.28"]
[SourceQuality "1"]

1. Nf3 d5 2. g3 c5 3. Bg2 f6 4. e3 e5 5. c4 d4 6. exd4 cxd4 7. 0-0 Nc6 8. Nh4 Be6 9. d3 Qd7 10. Qe2 0-0-0 11. a3 Nge7 12. b4 g5 13. Nf3 Ng6 14. b5 Nb8 15. Nbd2 h5 16. Ne4 Be7 17. Ne1 g4 18. f3 Rdf8 19. Nf2 f5 20. Bd2 Rfg8 21. Nc2 Bd6 22. Rae1 Bc7 23. Bb4 h4 24. fxg4 hxg3 25. gxf5 Nf4 26. Qe4 gxf2+ 27. Rxf2 Bxf5 28. Qxb7+ Kd8 29. Rxf4 Qh7 30. Rxd4+ Bd7 31. Bd6 Rxg2+ 32. Kxg2 Qxh2+ 33. Kf1 Bh3+ 0-1

[Event "Wch U12 Girls"]
[Site "Montesilvano"]
[Date "2024.11.18"]
[Round "4"]
[White "Siddhi, Rao"]
[Black "Mozolevskaya, Tatyana Nik"]
[Result "1/2-1/2"]
[WhiteElo "1677"]
[BlackElo "1775"]
[PlyCount "180"]
[EventDate "2024.11.15"]
[EventType "swiss"]
[EventRounds "11"]
[EventCountry "ITA"]
[SourceTitle "CB48_2024"]
[SourceDate "2024.11.28"]
[SourceVersion "1"]
[SourceVersionDate "2024.11.28"]
[SourceQuality "1"]

1. e4 c6 2. d4 d5 3. exd5 cxd5 4. Bd3 Nc6 5. c3 Nf6 6. Bf4 Bg4 7. Qb3 Qd7 8. Nd2 e6 9. Ngf3 Bd6 10. Bxd6 Qxd6 11. 0-0 0-0 12. Rae1 Ne7 13. Ne5 Bf5 14. Qc2 Rac8 15. f4 Qc7 16. Re3 g6 17. Qd1 Bxd3 18. Rxd3 h5 19. h3 Kg7 20. Rf2 Rh8 21. Qe2 Qb6 22. b4 a5 23. a3 axb4 24. axb4 Qa6 25. Qf3 Nf5 26. Nb3 b6 27. Nd2 Nd6 28. Rf1 Nfe4 29. Qe3 Nf5 30. Qf3 Rxc3 31. Rxc3 Nxd2 32. Qd3 Qxd3 33. Rxd3 Nxf1 34. Kxf1 Rc8 35. g4 hxg4 36. hxg4 Nd6 37. Ke2 Nb5 38. Ke3 Rc7 39. g5 Nd6 40. Kf3 Nc4 41. Ng4 Ra7 42. Nf6 Ra2 43. Kg4 Rg2+ 44. Kf3 Rb2 45. Kg4 Rg2+ 46. Kf3 Rd2 47. Rxd2 Nxd2+ 48. Ke2 Nc4 49. Kd3 Kf8 50. Nd7+ Ke7 51. Ne5 Nd6 52. Kd2 Kd8 53. Kc3 Kc7 54. Kd3 Kb7 55. Kc3 Ka6 56. Kb3 Kb5 57. Ka3 Ka6 58. Kb3 Nb5 59. Nf3 Kb7 60. Kc2 Kc7 61. Kd3 Kd8 62. Ne5 Ke8 63. Ng4 Nc7 64. Nf6+ Ke7 65. Ng8+ Ke8 66. Nf6+ Kd8 67. Ng4 Ne8 68. Ne5 Ke7 69. Nc6+ Kf8 70. Ne5 Kg7 71. Nd7 b5 72. Ke3 f6 73. Kf3 fxg5 74. fxg5 Nc7 75. Ne5 Na6 76. Nc6 e5 77. dxe5 Kf7 78. Kf4 Nc7 79. Nd8+ Ke7 80. Nb7 Na6 81. Nd6 Nxb4 82. Nxb5 Nd3+ 83. Ke3 Nxe5 84. Kd4 Nf3+ 85. Kxd5 Nxg5 86. Ke5 Nf7+ 87. Kf4 Kf6 88. Nc3 g5+ 89. Kg3 Kf5 90. Nd1 Nd6 1/2-1/2